00371nam a2200145Ia 4500008004100000020001800041082001400059100002100073245003100094250001200125260002700137300001200164600003300176650001600209241115s9999 xx 000 0 und d a81-317-1740-2 a515.4 GER aGerald, F.Curtis 0aApplied Numerical Analysis a7th ed. aIndia:bPearson,c2009 ax,609p. aHumanities & Natural Science aMathematics